00295nam a2200097Ia 4500008004100000041000800041100003100049245005900080260003900139999001900178241105s9999 xx 000 0 und d aeng aBhansali Khushaboo9182775 aInnovation And Incubation Center At University Of Pune bFInal Year B Arch BNCA, Punec2015 c361066d361066